[Event "VEN-ch"]
[Site "Barquisimeto"]
[Date "2019.04.17"]
[Round "7"]
[White "Sanchez Alvarez, Kelvin Antonio"]
[Black "Benavides Montenegro, Maicol Alexander"]
[Result "1/2-1/2"]
[WhiteElo "2212"]
[BlackElo "2179"]
[PlyCount "104"]
[EventDate "2019.04.13"]
[EventType "swiss"]
[EventRounds "9"]
[EventCountry "VEN"]
[SourceTitle "CBM 189 Extra"]
[Source "ChessBase"]
[SourceDate "2019.05.31"]
[SourceVersion "1"]
[SourceVersionDate "2019.05.31"]
[SourceQuality "1"]

1. d4 Nf6 2. c4 c5 3. Nf3 g6 4. Nc3 Bg7 5. e4 cxd4 6. Nxd4 d6 7. Be2 0-0 8. 0-0 Nc6 9. Nc2 Be6 10. b3 Rc8 11. f3 Nd7 12. Bb2 Nc5 13. Rb1 a5 14. Qd2 f5 15. exf5 Bxf5 16. Rbd1 Bxc2 17. Qxc2 Bd4+ 18. Kh1 e5 19. Nb5 Ne6 20. Ba3 Nc5 21. Bd3 Qf6 22. Be4 Rcd8 23. Bd5+ Kg7 24. Qd2 Qf4 25. Qxf4 Rxf4 26. g3 Rf6 27. Bxc6 bxc6 28. Nxd4 exd4 29. Rxd4 Re8 30. Rd2 Rfe6 31. Bxc5 dxc5 32. Kg2 R8e7 33. Rd8 a4 34. Rd3 Re3 35. Rd6 axb3 36. axb3 Rxb3 37. Rxc6 Rc3 38. Rxc5 Rd7 39. Rb1 Rd2+ 40. Kh3 Rxf3 41. Rb7+ Kh6 42. Kg4 Rc3 43. Rcc7 Rd4+ 44. Kh3 Rdxc4 45. Rxh7+ Kg5 46. Rb5+ Rc5 47. Rb6 Rc6 48. Rb5+ R6c5 49. Rhb7 Rxb5 50. Rxb5+ Kf6 51. Kh4 Rc8 52. Rb6+ Kf7 1/2-1/2

[Event "VEN-ch U20"]
[Site "Maracay"]
[Date "2018.05.31"]
[Round "2"]
[White "Benavides Montenegro, Maicol Alexander"]
[Black "Aguas Jimenez, Andres Alejandro"]
[Result "1-0"]
[WhiteElo "2141"]
[BlackElo "1773"]
[PlyCount "103"]
[EventDate "2018.05.31"]
[EventType "swiss"]
[EventRounds "7"]
[EventCountry "VEN"]
[SourceTitle "EXT 2019"]
[Source "ChessBase"]
[SourceDate "2018.10.10"]
[SourceVersion "1"]
[SourceVersionDate "2018.10.10"]
[SourceQuality "1"]

1. e4 c5 2. Nf3 d6 3. d4 cxd4 4. Nxd4 Nf6 5. Nc3 a6 6. Be2 e6 7. Be3 Nc6 8. 0-0 Be7 9. Kh1 0-0 10. a4 Qc7 11. Nb3 b6 12. f4 Bb7 13. Bf3 Rad8 14. Qe2 Nb4 15. Qf2 Nd7 16. Nd4 Nc5 17. Rad1 d5 18. e5 f6 19. Qg3 Nc6 20. Nxe6 Nxe6 21. Bxd5 Bc8 22. f5 Nxe5 23. fxe6 Rd6 24. Ne4 Rxd5 25. Bh6 g6 26. Rxd5 Qc4 27. Qf4 Qxd5 28. Bxf8 Kxf8 29. Nxf6 Qxe6 30. Nd7+ Kg8 31. Nxe5 Bd6 32. Qf7+ Qxf7 33. Nxf7 Bc5 34. Ne5 Bf5 35. c3 Bc2 36. Nd7 Bxa4 37. Nxc5 bxc5 38. Rf6 Bb5 39. g4 Kg7 40. g5 h6 41. h4 hxg5 42. hxg5 Bd3 43. Kg2 a5 44. Kf3 a4 45. Ke3 c4 46. Kd4 Be2 47. Ra6 Kf7 48. Rxa4 Ke6 49. Ra5 Kf7 50. Re5 Bf1 51. Re1 Bd3 52. b3 1-0

[Event "Barinas Messori Tovar Cup"]
[Site "Barinas"]
[Date "2017.09.22"]
[Round "4"]
[White "Acosta Villarroel, Lorner Justus"]
[Black "Benavides Montenegro, Maicol Alexander"]
[Result "1/2-1/2"]
[WhiteElo "2230"]
[BlackElo "2049"]
[PlyCount "150"]
[EventDate "2017.09.21"]
[EventType "swiss"]
[EventRounds "7"]
[EventCountry "VEN"]
[SourceTitle "EXT 2019"]
[Source "ChessBase"]
[SourceDate "2018.10.10"]
[SourceVersion "1"]
[SourceVersionDate "2018.10.10"]
[SourceQuality "1"]

1. d4 Nf6 2. Nf3 g6 3. g3 Bg7 4. Bg2 0-0 5. 0-0 d6 6. c4 Nc6 7. Nc3 a6 8. Re1 Rb8 9. Rb1 Bf5 10. e4 Bg4 11. Be3 Re8 12. h3 Bxf3 13. Bxf3 e5 14. d5 Nd4 15. Bg2 Nd7 16. Bxd4 exd4 17. Ne2 Qf6 18. Nf4 Ne5 19. b3 Bh6 20. Nd3 Nxd3 21. Qxd3 Bg7 22. Re2 a5 23. Rbe1 Re7 24. h4 h6 25. Kh2 b6 26. Bh3 Bh8 27. Bg4 h5 28. Bh3 Rbe8 29. f4 Qg7 30. Bg2 Qf8 31. Bh3 Qg7 32. Rf1 f5 33. Rfe1 Rxe4 34. Rxe4 fxe4 35. Rxe4 Rxe4 36. Qxe4 Qf6 37. Bf1 d3 38. Bxd3 Kh7 39. Kh3 Qf5+ 40. Qxf5 gxf5 41. Bxf5+ Kg7 42. Kg2 Kf7 43. Kf3 Bc3 44. g4 hxg4+ 45. Kxg4 Bg7 46. Bh7 Kf6 47. Bg8 Bh8 48. Kf3 Bg7 49. h5 Bf8 50. Ke4 Bg7 51. Bh7 Bf8 52. Bg6 Bh6 53. Be8 Bf8 54. Bg6 Bh6 55. f5 Bg7 56. Kd3 Ke5 57. a3 Bh6 58. b4 axb4 59. axb4 Bg7 60. Kc3 Bf6 61. h6 Ke4+ 62. Kb3 Kd4 63. Bf7 Bh8 64. Be8 Bf6 65. Bd7 Bh8 66. h7 Ke5 67. Ka4 Kf6 68. Be6 Ke7 69. Kb5 Bd4 70. Kc6 Kd8 71. Bf7 Be5 72. Bh5 Bh8 73. c5 bxc5 74. bxc5 dxc5 75. Kxc5 Be5 1/2-1/2

[Event "Turmero Zowain Memorial"]
[Site "Turmero"]
[Date "2017.08.19"]
[Round "6"]
[White "Benavides Montenegro, Maicol Alexander"]
[Black "Perdomo Arvelaez, David"]
[Result "1/2-1/2"]
[WhiteElo "2000"]
[BlackElo "2083"]
[PlyCount "65"]
[EventDate "2017.08.19"]
[EventType "swiss"]
[EventRounds "6"]
[EventCountry "VEN"]
[SourceTitle "EXT 2019"]
[Source "ChessBase"]
[SourceDate "2018.10.10"]
[SourceVersion "1"]
[SourceVersionDate "2018.10.10"]
[SourceQuality "1"]

1. e4 c5 2. Nf3 Nf6 3. Nc3 d5 4. exd5 Nxd5 5. Bc4 e6 6. 0-0 Be7 7. Nxd5 exd5 8. Bb5+ Bd7 9. Bxd7+ Nxd7 10. d4 c4 11. Re1 0-0 12. c3 Bd6 13. Bg5 Qc7 14. Be7 Rfe8 15. Bxd6 Qxd6 16. Qd2 Nf8 17. Rxe8 Rxe8 18. Re1 Rxe1+ 19. Qxe1 Qe6 20. Qxe6 Nxe6 21. g3 f6 22. Nh4 g6 23. Ng2 Kf7 24. Ne3 Nc7 25. Kf1 Ke6 26. Ke2 b5 27. Kd2 a5 28. Nc2 h5 29. f3 Ne8 30. Ke2 Nd6 31. Kf2 Nf7 32. Na3 Nd6 33. Nc2 1/2-1/2

[Event "Turmero IRT"]
[Site "Turmero"]
[Date "2017.08.12"]
[Round "2.1"]
[White "Jaramillo Lopez, Ali Aaron"]
[Black "Benavides Montenegro, Maicol Alexander"]
[Result "0-1"]
[WhiteElo "1430"]
[BlackElo "2000"]
[PlyCount "68"]
[EventDate "2017.08.12"]
[EventType "swiss"]
[EventRounds "6"]
[EventCountry "VEN"]
[SourceTitle "EXT 2022"]
[Source "ChessBase"]
[SourceDate "2021.10.06"]
[SourceVersion "1"]
[SourceVersionDate "2021.10.06"]
[SourceQuality "1"]

1. f4 d5 2. Nf3 c5 3. e3 a6 4. c3 Nc6 5. d4 cxd4 6. exd4 Bf5 7. Bd3 Bxd3 8. Qxd3 e6 9. 0-0 Bd6 10. Ne5 Nge7 11. Nd2 h5 12. Re1 0-0 13. Nf1 g6 14. Ne3 Kg7 15. g3 f6 16. Nxc6 bxc6 17. Ng2 Qd7 18. Nh4 Rfe8 19. Bd2 c5 20. Be3 c4 21. Qc2 a5 22. b3 Rac8 23. Qb2 Qb5 24. Bd2 Kf7 25. Rab1 Rb8 26. b4 axb4 27. a3 bxc3 28. Qxb5 Rxb5 29. Rxb5 cxd2 30. Rf1 Nf5 31. Nxf5 exf5 32. Rb7+ Kg8 33. Rb2 c3 34. Rc2 Re1 0-1